00391nam a2200121Ia 4500008004100000041000800041082001600049100002200065245008900087260003100176300001900207520004300226240719s9999 xx 000 0 und d aeng a294.52 KRI  aKriyananda, Swami aThe Hindu Way Of Awakening Its Revelations Its Symbols An Essential View Of Religion aHaryanabArrow Booksc1998 a392.; P. 23 Cm aGifted By : IMT Faculty Dr. Pawan Jain